Post-pandemic urbanism / (Record no. 13953)

000 -LEADER
fixed length control field 01931cam a22002777i 4500
003 - CONTROL NUMBER IDENTIFIER
control field DLC
005 - DATE AND TIME OF LATEST TRANSACTION
control field 20260317180114.0
008 - FIXED-LENGTH DATA ELEMENTS--GENERAL INFORMATION
fixed length control field 220820s2021 gw a 000 0 eng d
010 ## - LIBRARY OF CONGRESS CONTROL NUMBER
LC control number 2022473089
020 ## - INTERNATIONAL STANDARD BOOK NUMBER
International Standard Book Number 9783868597103
Qualifying information paperback
042 ## - AUTHENTICATION CODE
Authentication code lccopycat
050 00 - LIBRARY OF CONGRESS CALL NUMBER
Classification number HT151
Item number .P6285 2021
082 04 - DEWEY DECIMAL CLASSIFICATION NUMBER
Classification number 307.76
Edition number 23
245 00 - TITLE STATEMENT
Title Post-pandemic urbanism /
Statement of responsibility, etc Doris Kleilein, Friederike Meyer (eds.).
300 ## - PHYSICAL DESCRIPTION
Extent 192 pages
Other physical details color illustrations
Dimensions 21 cm
505 0# - FORMATTED CONTENTS NOTE
Formatted contents note Intro -- More than Enough! -- Non Voyage -- The No-Retail City -- Urban Obsolescences -- Unspectacular -- Tired of the City -- From Coworking Space to Neighborhood Office -- Dividing Space Fairly -- The Soft City in Hard Times -- Three Meals Away from Anarchy -- Emergency Urbanism -- An Economy for the Common Good at the Local Level -- In Crisis Mode -- Notes on the Just City.
520 ## - SUMMARY, ETC.
Summary, etc Working from home, online shopping, undertourism: the disruptive upheavals caused by the COVID-19 pandemic challenge architecture and urban planning. New spaces for action are opening up, but are they being utilized? From dividing traffic space fairly to urban food policies, from new places for work and recreation to the question on how communities can be oriented towards the common good: Post-pandemic Urbanism envisions a near future and discusses how cities and their transformative power can help to handle this current crisis and those to come.
546 ## - LANGUAGE NOTE
Language note In English.
650 #0 - SUBJECT ADDED ENTRY--TOPICAL TERM
Topical term or geographic name as entry element Sociology, Urban
650 #0 - SUBJECT ADDED ENTRY--TOPICAL TERM
Topical term or geographic name as entry element Urban ecology (Sociology)
650 #0 - SUBJECT ADDED ENTRY--TOPICAL TERM
Topical term or geographic name as entry element City planning
General subdivision Social aspects
650 #0 - SUBJECT ADDED ENTRY--TOPICAL TERM
Topical term or geographic name as entry element COVID-19 Pandemic, 2020-2023
General subdivision Social aspects
700 1# - ADDED ENTRY--PERSONAL NAME
Personal name Kleilein, Doris
Relator term editor
-- contributor
Relator code http://id.loc.gov/vocabulary/relators/edt
-- http://id.loc.gov/vocabulary/relators/ctb
700 1# - ADDED ENTRY--PERSONAL NAME
Personal name Meyer, Friederike,
Dates associated with a name 1972-
Relator term editor
-- contributor
Relator code http://id.loc.gov/vocabulary/relators/edt
-- http://id.loc.gov/vocabulary/relators/ctb
942 ## - ADDED ENTRY ELEMENTS (KOHA)
Source of classification or shelving scheme
Holdings
Withdrawn status Lost status Source of classification or shelving scheme Damaged status Koha normalized classification for sorting Not for loan Permanent location Current location Shelving location Date acquired Full call number Barcode Date last seen Price effective from Koha item type
        307_760000000000000   BMS College of Architecture, Design and Planning BMS College of Architecture, Design and Planning General Stacks 2025-12-16 307.76 AR-RD279 2026-02-10 2026-02-10 R&D Books
Copyright © 2025, The Librarian, Library and Information Centre, BMSCA D&P, Bengaluru. All Rights Reserved
web counter

Powered by Koha